Top 10 Oklahoma City Thunder NBA Starters - Statistics

General Stats
  • This quiz has been taken 350 times
    110 since last reset
  • The average score is 15 of 27
Answer Stats
Team Player % Correct
2024-25 Jalen Williams
99%
1977-78, 1978-79, 1979-80 Gus Williams
98%
2024-25 Shai Gilgeous-Alexander
98%
2024-25 Chet Holmgren
96%
2010-11, 2011-12, 2013-14, 2015-16 Russell Westbrook
95%
2010-11, 2011-12, 2013-14, 2015-16 Kevin Durant
94%
1992-93, 1995-96 Gary Payton
89%
2024-25 Luguentz Dort
89%
2024-25 Isaiah Hartenstein
87%
2010-11, 2011-12, 2013-14, 2015-16 Serge Ibaka
86%
1992-93, 1995-96 Shawn Kemp
80%
2015-16 Steven Adams
78%
2010-11, 2011-12, 2013-14 Kendrick Perkins
62%
1977-78, 1978-79, 1979-80 Dennis Johnson
53%
1995-96 Ervin Johnson
52%
1978-79, 1979-80 John Johnson
52%
2010-11, 2011-12, 2013-14 Thabo Sefolosha
46%
2015-16 Andre Roberson
43%
1977-78, 1978-79, 1979-80 Jack Sikma
40%
1995-96 Detlef Schrempf
37%
1995-96 Hersey Hawkins
16%
1992-93 Derrick McKey
7%
1978-79, 1979-80 Lonnie Shelton
7%
1977-78 Paul Silas
7%
1992-93 Michael Cage
6%
1977-78 Marvin Webster
4%
1992-93 Ricky Pierce
4%
No matching quizzes found
Score Distribution
Percent of People with Each Score
Percentile by Number Answered
Your Score History
You have not taken this quiz since the last reset